000 00544nam a2200145Ia 4500
008 100204s9999 xx 000 0 und d
082 _b19058
100 _aनगर्सेकर सुरेश
245 _aअल्पमोली बहुगुणी भाग 2
260 _b"मनोरमा प्रकाशन , मुंबई"
_c1996
300 _a184
630 _aअल्पमोली बहुगुणी भाग 2
730 _aअल्पमोली बहुगुणी भाग 2
942 _cBOOK
999 _c463481
_d463478